Terytoria Zależne - Statystyki

Ogólne statystyki
  • Ten quiz został rozwiązany 81 razy
  • Średni wynik to 25 z 40
Statystyki odpowiedzi
Obrazkowy Odpowiedź % Poprawnych
Guam
87%
Norfolk
85%
Wyspy Owcze
83%
Mariany Północne
81%
Portoryko
81%
Wyspy Cooka
79%
Wyspy Kokosowe
79%
Grenlandia
77%
Niue
77%
Brytyjskie Wyspy Dziewicze
75%
Gibraltar
75%
Wyspa Man
75%
Wyspy Dziewicze Stanów Zjednoczonych
75%
Aruba
74%
Nowa Kaledonia
74%
Polinezja Francuska
74%
Gujana Francuska
70%
Samoa Amerykańskie
70%
Curaçao
68%
Wyspy Bożego Narodzenia
66%
Falklandy
64%
Jersey
64%
Guernsey
62%
Bermudy
60%
Anguilla
55%
Tokelau
55%
Gwadelupa
53%
Bonaire
51%
Kajmany
51%
Martynika
51%
Mayotte
51%
Montserrat
49%
Pitcairn
47%
Sint Maarten
47%
Turks i Caicos
45%
Wallis i Futuna
42%
Saba
40%
Saint Pierre i Miquelon
40%
Georgia Południowa i Sandwich Południowy
36%
Sint Eustatius
32%
Nie znaleziono quizów pasujących do podanych kryteriów
Rozkład punktacji
Procent ludzi z każdym wynikiem
Percentyl według liczby udzielonych odpowiedzi
Twoja historia wyników
Nie rozwiązałeś tego quizu